000 00610nam a2200229Ia 4500
003 OSt
005 20221006165824.0
006 a|||||r|||| 00| 0
007 ta
008 221006b |||||||| |||| 00| 0 hin d
024 _a5,704
037 _cTextual
040 _aFML
_cFML
_bhin
041 _2hin
_ahin
082 _aNR44y8, M8 -; 8
100 _aSharma Bhagvatshran Au.
245 0 _aSangeet Granth Sar
260 _aHathras
_bSakhi Prakashan India
_c1988
300 _a128
_ccm.
942 _hNR44y8, M8 -; 8
_cTEXL
_2CC
999 _c1122159
_d1122159